Bank Negara Malaysia : Laporan kestabilan kewangan dan sistem pembayaran 2010.
| Corporate Author: | |
|---|---|
| Format: | Book |
| Published: |
Kuala Lumpur:
Bank Negara Malaysia,
2011.
|
| Subjects: |
| LEADER | 00507cam a2200157 7i4500 | ||
|---|---|---|---|
| 001 | 0000027387 | ||
| 005 | 20111216090000.0 | ||
| 022 | 0 | 0 | |a 19850395 |
| 090 | 0 | 0 | |a M 338.9 |b BAN |
| 110 | 2 | 0 | |a Bank Negara Malaysia |
| 245 | 2 | 0 | |a Bank Negara Malaysia : |b Laporan kestabilan kewangan dan sistem pembayaran 2010. |
| 260 | 0 | 0 | |a Kuala Lumpur: |b Bank Negara Malaysia, |c 2011. |
| 300 | # | # | |a [v.p]. |
| 650 | 0 | 0 | |a Bank Negara Malaysia -- |x Annual report |
| 651 | 0 | 0 | |a Malaysia |
| 999 | |a 0000029735 |b Book |c Malaysia |e Business Information Centre | ||